000 01058 a2200241 4500
001 45476
005 20260407155727.0
008 260407a2008 arg spa d
003 AR-UNSa-BCEJYS
040 _aAR-UNSa-BCEJYS
_bspa
_cAR-UNSa-BCEJYS
080 _a336.5
_xGasto público. Gastos del estado
245 1 0 _aInversión social en infancia y adolescencia
_pguía de orientaciones para la participación ciudadana en el presupuesto público
020 _a978-92-806-4046-0
264 1 _aBuenos Aires :
_bUNICEF
_c2008
300 _a72 p.
_c23 cm
505 _a1. Derechos, políticas públicas e inversión social – 2. El presupuesto público – 3. El gasto público en niñez y adolescencia – 4. La voluntad a la acción.
041 _aspa
942 _cBK
590 _aniveau_biblio:m niveau_hierar:0
100 1 _aUNICEF
700 1 _aCentro de Implementación de Políticas Públicas para la Equidad y el Crecimiento (CIPPEC)
856 4 1 _uhttps://www.biblioeco.unsa.edu.ar/pmb/images/libros/L127112.jpg
_yImagen de portada
_qimage/jpeg
999 _c3933
_d3933